000 00840nam a22001937a 4500
003 BR-ViAPE
005 20260602115512.0
008 260602s1897 por gslllls000 0 por d
040 _cBR-ViAPE
110 _aEspírito Santo
_bEstado
245 _aCódigo de posturas do governo municipal da Villa de Itapemirim
260 _aRio de Janeiro
_bTyp. da Papelaria Ribeiro
_c1897
300 _a24 p.
_bDocumento digitalizado (PDF)
500 _aDocumento digitalizado do acervo institucional do Arquivo Público do Estado do Espírito Santo - APEES.
650 _aLegislação
_zItapemirim (ES)
651 _aEspírito Santo (Brasil)
856 _uhttps://ape.es.gov.br/Media/ape/PDF/Livros/Livros_Historicos/Obras_raras/seculo_XIX/APEES_OR_cod_posturas_villa_itapem_1897.pdf
_yCLIQUE AQUI PARA ACESSAR O DOCUMENTO
942 _2ddc
_cOBRAS_RARA
_n1
999 _c751
_d751